LEADER 00983nam0 2200277 450 001 000019714 005 20090518115301.0 100 $a20081120d1984----km-y0itay50------ba 101 0 $aita 102 $aIT 105 $ay-------001yy 200 1 $a<>fondi a gestione separata nel bilancio dello Stato$fa cura di Mauro Giusti$gcontributi di Mauro Giusti ... [et al.] 210 $aRimini$cMaggioli$d1984 215 $a282 p.$d24 cm 225 2 $aCollana di finanza pubblica$v2 410 0$12001$aCollana di finanza pubblica 500 10$a<>fondi a gestione separata nel bilancio dello Stato$955973 610 1 $aBilancio statale 610 1 $aGestione fuori bilancio 676 $a353.00722$v19$9Amministrazione italiana. Bilanci. 702 1$aGiusti,$bMauro 801 0$aIT$bUNIPARTHENOPE$c20081120$gRICA$2UNIMARC 912 $a000019714 951 $a330/3$b4731$cNAVA2$d2008 996 $aFondi a gestione separata nel bilancio dello Stato$955973 997 $aUNIPARTHENOPE LEADER 01005nam 2200361 450 001 9910138404403321 005 20221019152615.0 010 $a953-51-6577-1 035 $a(CKB)3230000000076136 035 $a(NjHacI)993230000000076136 035 $a(EXLCZ)993230000000076136 100 $a20221019d2011 uy 0 101 0 $aeng 135 $aur||||||||||| 181 $ctxt$2rdacontent 182 $cc$2rdamedia 183 $acr$2rdacarrier 200 00$aGastrointestinal endoscopy /$fedited by Oliviu Pascu 210 1$aRijeka, Croatia :$cIntech,$d[2011] 210 4$dİ2011 215 $a1 online resource (286 pages) $cillustrations 311 $a953-307-385-3 320 $aIncludes bibliographical references. 606 $aEndoscopy 615 0$aEndoscopy. 676 $a616.3307545 702 $aPascu$b Oliviu 801 0$bNjHacI 801 1$bNjHacl 906 $aBOOK 912 $a9910138404403321 996 $aGastrointestinal endoscopy$91411904 997 $aUNINA